[Event "ARM-ch rapid"]
[Site "Yerevan"]
[Date "2016.01.24"]
[Round "5"]
[White "Harutyunyan, Tigran S"]
[Black "Hayrapetyan, Hovik"]
[Result "1-0"]
[WhiteElo "1946"]
[BlackElo "2489"]
[PlyCount "89"]
[EventDate "2016.01.24"]
[EventType "swiss (rapid)"]
[EventRounds "8"]
[EventCountry "ARM"]
[SourceTitle "CBM 170 Extra"]
[Source "ChessBase"]
[SourceDate "2016.02.25"]
[SourceVersion "1"]
[SourceVersionDate "2016.02.25"]
[SourceQuality "1"]

1. c4 Nf6 2. Nc3 c5 3. g3 e6 4. Nf3 b6 5. Bg2 Bb7 6. 0-0 Nc6 7. Re1 d5 8. cxd5 Nxd5 9. d4 Nxc3 10. bxc3 Be7 11. e4 cxd4 12. cxd4 Rc8 13. d5 Nb4 14. Qa4+ Qd7 15. Qxd7+ Kxd7 16. Rd1 Rhd8 17. dxe6+ Ke8 18. exf7+ Kf8 19. Rxd8+ Rxd8 20. Bb2 Bxe4 21. Re1 Nd3 22. Bxg7+ Kxg7 23. Rxe4 Kxf7 24. Bf1 Bf6 25. h4 Rd6 26. Kg2 h5 27. Be2 Nc5 28. Rf4 Kg6 29. Bb5 Rd8 30. Ng1 Rd2 31. Be8+ Kg7 32. a3 Nd3 33. Rf5 Ra2 34. a4 a5 35. Nh3 Bd4 36. Rd5 Rd2 37. Bxh5 Bxf2 38. Rxd3 Rxd3 39. Nxf2 Re3 40. Bf3 b5 41. axb5 a4 42. b6 Rb3 43. Bd1 Rb4 44. Nd3 Rd4 45. b7 1-0

[Event "Moscow op-A"]
[Site "Moscow"]
[Date "2012.01.28"]
[Round "1"]
[White "Harutyunyan, Tigran S"]
[Black "Ulko, Jaroslav"]
[Result "1/2-1/2"]
[WhiteElo "1915"]
[BlackElo "2476"]
[PlyCount "105"]
[EventDate "2012.01.28"]
[EventType "swiss"]
[EventRounds "9"]
[EventCountry "RUS"]
[SourceTitle "CBM 146 Extra"]
[Source "ChessBase"]
[SourceDate "2012.02.29"]
[SourceVersion "1"]
[SourceVersionDate "2012.02.29"]
[SourceQuality "1"]

1. d4 d5 2. Nf3 e6 3. e3 Nf6 4. Bd3 c5 5. 0-0 Nbd7 6. b3 Be7 7. Bb2 0-0 8. Nbd2 b6 9. Qe2 Bb7 10. Rfd1 Qc7 11. Rac1 Rad8 12. c4 Qb8 13. cxd5 Nxd5 14. Bb1 N5f6 15. Nc4 Qa8 16. Nce5 Nxe5 17. dxe5 Nd5 18. Nd2 Nc7 19. Qg4 b5 20. Ba3 Rd5 21. e4 Rd7 22. Bxc5 Bxc5 23. Rxc5 Rfd8 24. Qe2 b4 25. Rcc1 Ba6 26. Nc4 Bxc4 27. bxc4 Qc6 28. Rxd7 Rxd7 29. Rd1 Na6 30. Rd2 Nc5 31. Qd1 Kf8 32. Rd6 Rxd6 33. exd6 e5 34. f4 exf4 35. e5 g6 36. Qd2 Nd7 37. e6 Qc5+ 38. Kh1 fxe6 39. Qxf4+ Ke8 40. Bc2 e5 41. Qh4 Qxd6 42. Qxh7 e4 43. h3 Nc5 44. Qxa7 e3 45. Bxg6+ Kd8 46. Bh5 Qe5 47. Qa8+ Kc7 48. Qa5+ Kd6 49. Qd8+ Nd7 50. c5+ Kxc5 51. Qxd7 Qxh5 52. Qa7+ Kb5 53. Qxe3 1/2-1/2

[Event "Moscow Dvorkovich Cup U16 6th"]
[Site "Moscow"]
[Date "2011.07.03"]
[Round "13.7"]
[White "Alekseenko, Kirill"]
[Black "Harutyunyan, Tigran S"]
[Result "1-0"]
[WhiteElo "2317"]
[BlackElo "1915"]
[PlyCount "85"]
[EventDate "2011.06.26"]
[EventType "team-tourn"]
[EventRounds "14"]
[EventCountry "RUS"]
[SourceTitle "CBM 143 Extra"]
[Source "ChessBase"]
[SourceDate "2011.08.29"]
[SourceVersion "1"]
[SourceVersionDate "2011.08.29"]
[SourceQuality "1"]
[WhiteTeam "Gostinnaya Dvorkovicha U16"]
[BlackTeam "Armenia U16"]
[WhiteTeamCountry "RUS"]
[BlackTeamCountry "ARM"]

1. e4 c5 2. Nf3 d6 3. d4 cxd4 4. Nxd4 Nf6 5. Nc3 g6 6. Be3 Bg7 7. f3 Nc6 8. Bc4 0-0 9. Qd2 Bd7 10. 0-0-0 Rc8 11. Bb3 Ne5 12. Kb1 Nc4 13. Bxc4 Rxc4 14. g4 Qb8 15. g5 Nh5 16. b3 Rcc8 17. Nde2 b5 18. Nd5 Rfe8 19. Bd4 Bxd4 20. Qxd4 Be6 21. Ne3 Qc7 22. f4 Qc5 23. Qd2 a5 24. Rhf1 a4 25. f5 Bd7 26. Ng4 Rf8 27. Nh6+ Kg7 28. Ng3 Nxg3 29. hxg3 axb3 30. cxb3 Qe5 31. f6+ exf6 32. gxf6+ Kh8 33. Qd5 Be6 34. Qxe5 dxe5 35. Rc1 Ra8 36. Rfd1 Ra7 37. Rd2 Rb7 38. Rh1 Rb6 39. Rdh2 Bd7 40. Nf5 h5 41. Rxh5+ gxh5 42. Rxh5+ Kg8 43. Ne7# 1-0

[Event "Moscow Dvorkovich Cup U16 6th"]
[Site "Moscow"]
[Date "2011.07.02"]
[Round "12.15"]
[White "Bortnyk, Olexandr"]
[Black "Harutyunyan, Tigran S"]
[Result "1/2-1/2"]
[WhiteElo "2327"]
[BlackElo "1915"]
[PlyCount "108"]
[EventDate "2011.06.26"]
[EventType "team-tourn"]
[EventRounds "14"]
[EventCountry "RUS"]
[SourceTitle "CBM 143 Extra"]
[Source "ChessBase"]
[SourceDate "2011.08.29"]
[SourceVersion "1"]
[SourceVersionDate "2011.08.29"]
[SourceQuality "1"]
[WhiteTeam "Ukraine U16"]
[BlackTeam "Armenia U16"]
[WhiteTeamCountry "UKR"]
[BlackTeamCountry "ARM"]

1. e4 c5 2. c3 d5 3. exd5 Qxd5 4. d4 Nf6 5. Nf3 e6 6. Be3 cxd4 7. cxd4 Bb4+ 8. Nc3 0-0 9. Bd3 b6 10. Qe2 Qa5 11. 0-0 Bxc3 12. bxc3 Ba6 13. c4 Nbd7 14. Bf4 Rac8 15. Ne5 Rfd8 16. Rfe1 Nf8 17. Rad1 Bb7 18. Qe3 Re8 19. Bg5 N6d7 20. Qg3 Nxe5 21. dxe5 Ba6 22. Re4 Qxa2 23. h4 Bxc4 24. h5 Bxd3 25. Bf6 Ng6 26. hxg6 fxg6 27. Rxd3 gxf6 28. exf6 Qa1+ 29. Kh2 Qxf6 30. Rf3 Qg7 31. Rfe3 a5 32. Qg4 Qf7 33. Rf4 Qe7 34. Rfe4 Qd6+ 35. Rg3 Rc5 36. f4 b5 37. Rge3 Kf7 38. Qe2 b4 39. Rh3 Kg8 40. Rhe3 Rf5 41. g3 Kf7 42. Qa2 Rd5 43. Re2 Rd8 44. Qc4 a4 45. Rxe6 Qxe6 46. Rxe6 Kxe6 47. Qxb4 Rd4 48. Qb6+ Kf7 49. Kh3 R8d7 50. Qa6 Re7 51. Kg4 Red7 52. Qa8 Kg7 53. Qa5 h5+ 54. Kh3 Kh7 1/2-1/2

[Event "Moscow Dvorkovich Cup U16 6th"]
[Site "Moscow"]
[Date "2011.07.01"]
[Round "9.3"]
[White "Harutyunyan, Tigran S"]
[Black "Savitski, Andrei"]
[Result "1-0"]
[WhiteElo "1915"]
[BlackElo "1993"]
[PlyCount "131"]
[EventDate "2011.06.26"]
[EventType "team-tourn"]
[EventRounds "14"]
[EventCountry "RUS"]
[SourceTitle "CBM 143 Extra"]
[Source "ChessBase"]
[SourceDate "2011.08.29"]
[SourceVersion "1"]
[SourceVersionDate "2011.08.29"]
[SourceQuality "1"]
[WhiteTeam "Armenia U16"]
[BlackTeam "Belarus U16"]
[WhiteTeamCountry "ARM"]
[BlackTeamCountry "BLR"]

1. d4 c6 2. Nf3 d5 3. c4 Nf6 4. e3 a6 5. Qc2 g6 6. Nc3 Bg7 7. Bd3 dxc4 8. Bxc4 b5 9. Bd3 0-0 10. 0-0 Nbd7 11. Ne4 Nxe4 12. Bxe4 Bb7 13. Bd2 e5 14. Rfd1 exd4 15. Nxd4 Bxd4 16. exd4 Rc8 17. Rac1 Re8 18. Bf3 Qb6 19. Be3 Qd8 20. Qb3 Nb6 21. Bg4 Ra8 22. Rc5 Bc8 23. Bf3 Be6 24. Qc2 Bd5 25. Bxd5 Nxd5 26. Bd2 Qh4 27. Rxc6 Qxd4 28. Ba5 Nb4 29. Bxb4 Qxb4 30. h3 a5 31. a3 Qf4 32. Rc5 Re5 33. g3 Rxc5 34. Qxc5 Qa4 35. Rd7 Qb3 36. Qd4 Re8 37. Kg2 Qc2 38. Qd5 Qe4+ 39. Qxe4 Rxe4 40. Rd5 b4 41. Rxa5 bxa3 42. bxa3 Re2 43. Kf3 Ra2 44. h4 h5 45. Ke3 Kg7 46. Ra8 Kf6 47. a4 Kf5 48. a5 Ra3+ 49. Kd4 Ra2 50. Ke3 Ra3+ 51. Ke2 f6 52. a6 Ra2+ 53. Ke3 Ra3+ 54. Ke2 Ra2+ 55. Kf3 Ra3+ 56. Kg2 Ra2 57. a7 Ra3 58. Kf1 Ra1+ 59. Ke2 Ra2+ 60. Ke3 Ra3+ 61. Kd4 Ra4+ 62. Kc5 Ra5+ 63. Kd6 Ra1 64. f3 Rd1+ 65. Ke7 Ra1 66. Kf7 1-0

[Event "Moscow Dvorkovich Cup U16 6th"]
[Site "Moscow"]
[Date "2011.06.27"]
[Round "4.3"]
[White "Harutyunyan, Tigran S"]
[Black "Akhmetov, Ayan"]
[Result "1-0"]
[WhiteElo "1915"]
[BlackElo "2151"]
[PlyCount "55"]
[EventDate "2011.06.26"]
[EventType "team-tourn"]
[EventRounds "14"]
[EventCountry "RUS"]
[SourceTitle "CBM 143 Extra"]
[Source "ChessBase"]
[SourceDate "2011.08.29"]
[SourceVersion "1"]
[SourceVersionDate "2011.08.29"]
[SourceQuality "1"]
[WhiteTeam "Armenia U16"]
[BlackTeam "Kazakhstan U16"]
[WhiteTeamCountry "ARM"]
[BlackTeamCountry "KAZ"]

1. d4 Nf6 2. Nf3 e6 3. c4 c5 4. e3 d5 5. Nc3 cxd4 6. exd4 dxc4 7. Bxc4 Be7 8. 0-0 0-0 9. Re1 Nbd7 10. Bg5 Nb6 11. Bb3 Bd7 12. Ne5 Rc8 13. Qd3 Bc6 14. Qh3 Nfd5 15. Bc2 g6 16. Bh6 Bf6 17. Bxf8 Qxf8 18. Ne4 Qg7 19. Nxf6+ Qxf6 20. Be4 Bb5 21. Qf3 Qxf3 22. Bxf3 Rc2 23. a4 Bxa4 24. Bd1 Nb4 25. Rxa4 Nxa4 26. Bxc2 Nxc2 27. Rc1 Nxd4 28. Rc4 1-0

[Event "Moscow Dvorkovich Cup U16 6th"]
[Site "Moscow"]
[Date "2011.06.26"]
[Round "2.3"]
[White "Chu, Wei Chao"]
[Black "Harutyunyan, Tigran S"]
[Result "0-1"]
[WhiteElo "2175"]
[BlackElo "1915"]
[PlyCount "116"]
[EventDate "2011.06.26"]
[EventType "team-tourn"]
[EventRounds "14"]
[EventCountry "RUS"]
[SourceTitle "CBM 143 Extra"]
[Source "ChessBase"]
[SourceDate "2011.08.29"]
[SourceVersion "1"]
[SourceVersionDate "2011.08.29"]
[SourceQuality "1"]
[WhiteTeam "China U16"]
[BlackTeam "Armenia U16"]
[WhiteTeamCountry "CHN"]
[BlackTeamCountry "ARM"]

1. d4 d5 2. c4 e6 3. Nf3 Nf6 4. g3 dxc4 5. Bg2 Nbd7 6. 0-0 c6 7. Qc2 b5 8. Rd1 Qb6 9. a4 Bb4 10. e4 Bb7 11. Be3 0-0 12. Nc3 a6 13. d5 Qc7 14. dxe6 fxe6 15. Ng5 Rfe8 16. axb5 cxb5 17. e5 Nxe5 18. Nce4 Nxe4 19. Bxe4 Bxe4 20. Qxe4 Ng6 21. h4 Qe5 22. Qb7 Be7 23. Rd7 Rab8 24. Qxa6 Qf5 25. Bd4 Ne5 26. Rxe7 Rxe7 27. Qd6 Nc6 28. Qxc6 Qd5 29. Qxd5 exd5 30. Kf1 b4 31. Nf3 Re4 32. Ra7 Rg4 33. Rd7 Rf8 34. Rxd5 Rxf3 35. Be3 Rf8 36. Ke2 Rc8 37. Bf4 c3 38. bxc3 bxc3 39. Kd1 Rg6 40. Kc2 Rb6 41. Be3 Rb2+ 42. Kc1 Re2 43. Kd1 Ra2 44. Kc1 c2 45. Rc5 Rxc5 46. Bxc5 Ra6 47. Bd4 Rc6 48. f4 Kf7 49. g4 Rc4 50. Be5 g6 51. Bd6 h5 52. gxh5 gxh5 53. Be5 Ke6 54. Bg7 Rxf4 55. Kxc2 Rxh4 56. Kd2 Rf4 57. Ke3 Rf7 58. Bh6 Kf5 0-1